000 00607nam a22002177a 4500
003 UA-OsUOA
001 112066
007 ta
008 20150617b un ||||| |||| 00| 0 ukr d
090 _a7.032
_bУ11
942 _cBK
040 _aUA-OsUOA
_brus
_cUA-OsUOA
_dUA-OsUOA
245 _aУ истоков творчества
_cотв. ред. Р. С. Васильевский
300 _a215 с.
955 _a1
041 _arus
080 _a7.032
260 _aНовосибирск
_bНаука
_c1978
650 7 _a7.0 Загальні питання мистецтва
_2UDC
999 _c398159
_d398159